Kitab al-fasl fi al-milal wa-al-ahwaʼ wa-al-nihal /كتاب الفصل في الملل والاهواء والنحل / (Record no. 80895)
[ view plain ]
| 000 -LEADER | |
|---|---|
| fixed length control field | 01574nam a2200289 a 4500 |
| 001 - CONTROL NUMBER | |
| control field | 80895 |
| 003 - CONTROL NUMBER IDENTIFIER | |
| rucl marc code | BD-RjUL |
| 005 - DATE AND TIME OF LATEST TRANSACTION | |
| control field | 20221205155559.0 |
| 008 - FIXED-LENGTH DATA ELEMENTS--GENERAL INFORMATION | |
| fixed length control field | 221205m18991903ua 000 0 ara d |
| 035 ## - SYSTEM CONTROL NUMBER | |
| System control number | (BD-RjUL)80895 |
| 040 ## - CATALOGING SOURCE | |
| Original cataloging agency | IAA |
| Language of cataloging | eng |
| Transcribing agency | BD-RjUL |
| 041 ## - LANGUAGE CODE | |
| Language code of text/sound track or separate title | ara |
| 082 ## - DEWEY DECIMAL CLASSIFICATION NUMBER | |
| Edition number | 23 |
| Classification number | 297.8 |
| Author mark and year | IBK 1903 |
| 100 1# - MAIN ENTRY--PERSONAL NAME | |
| Personal name | Ibn Ḥazm, ʻAlī ibn Aḥmad,ابن حزم، علي بن احمد، |
| Dates associated with a name | 994-1064 |
| 9 (RLIN) | 6154 |
| 245 10 - TITLE STATEMENT | |
| Title | Kitab al-fasl fi al-milal wa-al-ahwaʼ wa-al-nihal /كتاب الفصل في الملل والاهواء والنحل / |
| Statement of responsibility, etc. | تصنيف ابى محمد على بن حزم الاندلسى الظاهرى، المتوفى سنة 456 هجرية، وبهامشه كتاب الملل والنحل لابي الفتح عبد الكريم الشهرستانى، المتوفى سنة 548هج. li-Abi Muhammad ʻAli Ibn Hazm al-Andalusi al-Zahiri. Wa-bi-hamishihi al-Milal wa-al-nihal / li-Abi al-Fath Muḣammad ibn ʻAbd al-Karim al-Shahrastani ; tarjamat Ibn Hazm mulkhasah min Ibn Khallikan. |
| 246 31 - VARYING FORM OF TITLE | |
| Title proper/short title | History of religion (456 - A.D. 1064) |
| Remainder of title | الملل والنحل |
| Title proper/short title | كتاب الفصل في الملل والأهواء والنحل |
| 260 ## - PUBLICATION, DISTRIBUTION, ETC. (IMPRINT) | |
| Place of publication, distribution, etc. | lebanon : |
| Name of publisher, distributor, etc. | Maktab i Khiat , |
| Date of publication, distribution, etc. | 1899-1903. |
| 300 ## - PHYSICAL DESCRIPTION | |
| Pagination | 5 volumes in 1 (224, 193, 264, 227, 144 pages) ; |
| Size | 30 cm. |
| 490 ## - SERIES STATEMENT | |
| Series statement | روائع التراث العربي |
| 505 ## - FORMATTED CONTENTS NOTE | |
| Formatted contents note | Vol.1-5 |
| 650 ## - SUBJECT ADDED ENTRY--TOPICAL TERM | |
| Topical term or geographic name as entry element | Islamic sects |
| 9 (RLIN) | 5581 |
| Topical term or geographic name as entry element | Islam |
| Form subdivision | Doctrines |
| 9 (RLIN) | 739 |
| Topical term or geographic name as entry element | Islam |
| Form subdivision | Apologetic works |
| 9 (RLIN) | 4409 |
| 830 ## - SERIES ADDED ENTRY--UNIFORM TITLE | |
| Uniform title | روائع التراث العربي |
| 942 ## - ADDED ENTRY ELEMENTS (KOHA) | |
| Source of classification or shelving scheme | Dewey Decimal Classification |
| Koha item type | Books |
| Lost status | Source of classification or shelving scheme | Damaged status | Not for loan | Collection code | Permanent Location | Current Location | Shelving location | Date acquired | Source of acquisition | Cost, normal purchase price | Total Checkouts | Full call number | Date last seen | Copy number | Koha item type |
|---|---|---|---|---|---|---|---|---|---|---|---|---|---|---|---|
| Dewey Decimal Classification | Not For Loan | Non-fiction | Central Library, University of Rajshahi | Central Library, University of Rajshahi | Reading Room | 22/07/1968 | Swets & Zeitlinger | 190.00 | A 297.8 IBK V-1-5 1903 | 05/12/2022 | C-1 | Books |